000 00661cam a2200145 4500500
005 20251228052420.0
041 _afre
042 _adc
100 1 0 _aGainot, Bernard
_eauthor
245 0 0 _aBéNOT, Yves. — Les lumières, l’esclavage, la colonisation, textes réunis et présentés par Roland Desné et Marcel Dorigny, Paris, La Découverte (« Textes à l’appui »), 2005, 310 p., bibl.
260 _c2005.
500 _a59
786 0 _nCahiers d'études africaines | 179-180 | 3 | 2005-10-01 | p. 1179c-1208c | 0008-0055
856 4 1 _uhttps://shs.cairn.info/revue-cahiers-d-etudes-africaines-2005-3-page-1179c?lang=fr&redirect-ssocas=7080
999 _c1583509
_d1583509